Health care in West Bengal: what is happening? (Record no. 58835)

000 -LEADER
fixed length control field 00466pab a2200169 454500
008 - FIXED-LENGTH DATA ELEMENTS--GENERAL INFORMATION
fixed length control field 180718b2003 xxu||||| |||| 00| 0 eng d
100 ## - MAIN ENTRY--PERSONAL NAME
Personal name Chakraborth, Achin
245 ## - TITLE STATEMENT
Title Health care in West Bengal: what is happening?
260 ## - PUBLICATION, DISTRIBUTION, ETC.
Date of publication, distribution, etc. 2003
300 ## - PHYSICAL DESCRIPTION
Extent p.5021-023.
362 ## - DATES OF PUBLICATION AND/OR SEQUENTIAL DESIGNATION
Dates of publication and/or sequential designation 29 Nov
650 ## - SUBJECT ADDED ENTRY--TOPICAL TERM
Topical term or geographic name entry element Health services - India - West Bengal
650 ## - SUBJECT ADDED ENTRY--TOPICAL TERM
Topical term or geographic name entry element Health services
700 ## - ADDED ENTRY--PERSONAL NAME
Personal name Mukherjee, Subrata
773 ## - HOST ITEM ENTRY
Main entry heading Economic and Political Weekly
909 ## -
-- 58835
Holdings
Withdrawn status Lost status Damaged status Not for loan Permanent Location Current Location Date acquired Serial Enumeration / chronology Barcode Date last seen Price effective from Koha item type
        Indian Institute of Public Administration Indian Institute of Public Administration 2018-07-19 Volume no: 38, Issue no: 48 AR59280 2018-07-19 2018-07-19 Articles

Powered by Koha